000 00300nam a22001337a 4500
008 170522b xxu||||| |||| 00| 0 eng d
020 _a9780072490534
041 _aeng
080 _211 ED
_a94(7/8)
100 _a16
101 _aSHH
245 _aAMERICAN HISTORY
_cBRINKLEY.A
942 _2udc
_cBK
999 _c13718
_d13718